| 000 | 00753nam a2200181Ia 4500 | ||
|---|---|---|---|
| 008 | 100920s9999 xx 000 0 und d | ||
| 082 |
_b18395 _a28 व 51 थ 67 |
||
| 100 | _aसावरकर पद्रमाकर कृष्ण. | ||
| 245 | _aराष्ट्रपति डॉ.झकिर हुसेन. | ||
| 260 |
_bअरगडे कुलकर्णी प्रकाशन, पुणे. _c1967 |
||
| 300 |
_a36 _bसाधी |
||
| 365 | _b1 | ||
| 520 | _aबा. वि चरित्र. | ||
| 630 | _aराष्ट्रपति डॉ.झकिर हुसेन. | ||
| 650 | _aबा. वि चरित्र. | ||
| 730 | _aराष्ट्रपति डॉ.झकिर हुसेन. | ||
| 942 | _cBOOK | ||
| 999 |
_c680085 _d680082 |
||